List of booklet panes of the world, as compiled to date by the Booklet Pane Society, May 1, 1944 (Record no. 2056)

000 -LEADER
fixed length control field 00327nam a22000977a 4500
008 - FIXED-LENGTH DATA ELEMENTS--GENERAL INFORMATION
fixed length control field 160606b xxu||||| |||| 00| 0 eng d
100 ## - MAIN ENTRY--AUTHOR'S NAME
Author's Name Booklet Pane Society
245 ## - TITLE STATEMENT
Title List of booklet panes of the world, as compiled to date by the Booklet Pane Society, May 1, 1944
260 ## - PUBLICATION, DISTRIBUTION, ETC. (IMPRINT)
Place of publication, distribution, etc. New York
Date of publication, distribution, etc. 1944
650 ## - TOPICAL TERM (Tag)
Topical term or geographic name Booklets and Minipacks
Holdings
Withdrawn status Lost status Source of classification or shelving scheme Damaged status Koha normalized classification for sorting Not for loan Permanent Location Current Location Shelving location Date acquired Total Checkouts Full call number Barcode Date last seen Price effective from Koha item type Public note
        V3201 B724 B7246   Northern Philatelic Library Northern Philatelic Library Vertical File 06/06/2016   V3201 B724 B7246 1002388 06/06/2016 06/06/2016 Books In Vert File

Powered by Koha